LEADER 01223nam a2200289 i 4500 001 000000036671 003 CaOOAMICUS 005 20211129161503.0 008 080215s1961 it u000 u mul u 013 $a6423 040 $aSeMil$bita 100 1 $aKabaphes, Konstantinos <1863-1933>.$0(OLS)http://semarc/name/17325 245 10$aPoesie /$cCostantino Kavafis ; a cura di Filippo Maria Pontani. 260 $a[Milano] :$bArnoldo Mondadori Editore,$ccopyr. 1961. 300 $a523 p. ;$c20 cm. 500 $aContiene : Nota bibliografica. - Testo greco a fronte. - Fondo Card. Giovanni Colombo. 650 4$aPoesia greca moderna.$0(OLS)http://semarc/subject/5459 700 1 $aPontani, Filippo Maria.$0(OLS)http://semarc/name/374 830 3$aLo specchio. I poeti del nostro tempo.$0(OLS)http://semarc/title/437868 830 3$aLo specchio.$0(OLS)http://semarc/title/7841 850 $aSeMil 852 $aSeMil$W1$xVenegono$y1$m1V V 96$j2826$B2826$CSeMilBibl$Z2$F2826 $81 941 1 $a3 961 $aLascito: Colombo Card. Giovanni 996 $6245$aPoesie$9(OLS)http://semarc/title/2285 996 $6260$a[Milano] :$bArnoldo Mondadori Editore$9(OLS)http://semarc/publisher/29634 LEADER 00811naa a2200145 i 4500 001 000000303626 003 CaOOAMICUS 005 20180831172803.0 008 180831n xx u000 u und u 013 $a11406 040 $aSeMil$bita 100 1 $aMoreschini, Claudio,$d<1938- >.$0(OLS)http://semarc/name/4 245 13$aIl battesimo come fondamento dell'istruzione del cristiano in Gre coltà di Lettere cristiane e classiche... 773 0 $tSacerdozio battesimale e formazione teologica nella catechesi e nella testimonianza di vita dei Padri.$dRoma : LAS, copyr. 1992.$kBiblioteca di scienze religiose $kStudi, testi, commenti patristici$z88-213-0240-7$w()39038 996 $6245$aIl battesimo come fondamento dell'istruzione del cristiano in Gre coltà di Lettere cristiane e classiche...$9(OLS)http://semarc/title/379585